Judicial administration in the Jammu and Kashmir state 1885-1947 (Record no. 16170)

MARC details
000 -LEADER
fixed length control field 00696nam a2200193Ia 4500
082 ## - DEWEY DECIMAL CLASSIFICATION NUMBER
Classification number TH.0036
100 ## - MAIN ENTRY--AUTHOR NAME
Personal name Hari Om
245 #0 - TITLE STATEMENT
Title Judicial administration in the Jammu and Kashmir state 1885-1947
260 ## - PUBLICATION, DISTRIBUTION, ETC. (IMPRINT)
Year of publication 1976
Name of publisher University of Jammu
300 ## - PHYSICAL DESCRIPTION
Number of Pages 306p. + C D - 36
650 ## - SUBJECT ADDED ENTRY--TOPICAL TERM
Topical Term ADMINISTRATION OF JUSTICE//JUSTICE, ADMINISTRATION OF
650 ## - SUBJECT ADDED ENTRY--TOPICAL TERM
Topical Term COURTS///JUSTICE, ADMINISTRATION OF
650 ## - SUBJECT ADDED ENTRY--TOPICAL TERM
Topical Term JUDICIARY//JUDICIAL POWER
650 ## - SUBJECT ADDED ENTRY--TOPICAL TERM
Topical Term JUDICIAL POWER - JAMMU AND KASHMIR - 1885-1947
650 ## - SUBJECT ADDED ENTRY--TOPICAL TERM
Topical Term CRIMINAL JUSTICE, ADMINISTRATION OF - JAMMU AND KASHMIR - 1885-1947
650 ## - SUBJECT ADDED ENTRY--TOPICAL TERM
Topical Term JUSTICE, ADMINISTRATION OF - JAMMU AND KASHMIR - 1885-1947
710 ## - ADDED ENTRY--CORPORATE NAME
Corporate name or jurisdiction name as entry element Bose, A.C.
942 ## - ADDED ENTRY ELEMENTS (KOHA)
Koha item type Thesis
Source of classification or shelving scheme Dewey Decimal Classification
Holdings
Withdrawn status Lost status Damaged status Not for loan Home library Current library Date acquired Full call number Accession Number Price effective from Koha item type
        NASSDOC Library NASSDOC Library 08/10/2004 TH.0036 9048 18/04/2019 Thesis